Alternativas campesinas: modernización en el agro y movimiento campesino en Centroamérica /
Kaydedildi:
| Yazar: | |
|---|---|
| Diğer Yazarlar: | , |
| Materyal Türü: | Bilinmiyor |
| Baskı/Yayın Bilgisi: |
Managua:
Latino Editores. CRIES
|
| Konular: | |
| Etiketler: |
Etiketle
Etiket eklenmemiş, İlk siz ekleyin!
|
MARC
| LEADER | 00000 a2200000 04500 | ||
|---|---|---|---|
| 001 | 10490 | ||
| 003 | |||
| 008 | 991231s d | ||
| 040 | |||
| 090 | |a 136509 | ||
| 100 | |a Tangermann, Klaus - Dieter | ||
| 245 | |a Alternativas campesinas: modernización en el agro y movimiento campesino en Centroamérica / |c Klaus - Dieter Tangermann | ||
| 260 | |a Managua: |b Latino Editores. CRIES | ||
| 300 | |a 320 p. | ||
| 650 | |a TENENCIA DE LA TIERRA | ||
| 650 | |a MOVIMIENTOS CAMPESINOS | ||
| 650 | |a ANALISIS HISTORICO | ||
| 650 | |a REFORMA AGRARIA | ||
| 650 | |a ORGANIZACIONES CAMPESINAS | ||
| 650 | |a POLITICA GUBERNAMENTAL | ||
| 650 | |a CRISIS | ||
| 650 | |a DESARROLLO REGIONAL | ||
| 700 | |a coord | ||
| 700 | |a Ríos Valdés, Ivana | ||
| 700 | |a coord | ||
| 999 | |c 5008 |d 5008 | ||
